Statistics for Countries where People Watch the Most Television

Click here to take the quiz!

General Stats

  • This quiz has been taken 1,419 times
  • The average score is 6 of 9

Answer Stats

Rank CountryRegionWeekly Hours% Correct
6.United StatesN. America19.0
97%
9.JapanAsia17.9
91%
8.United KingdomEurope18
88%
7.BrazilS. America18.4
82%
5.IndonesiaAsia19.7
59%
3.EgyptAfrica20.9
56%
1.ThailandAsia22.4
56%
2.PhilippinesAsia21.0
39%
4.TurkeyAsia20.2
39%

Score Distribution

Percentile by Number Answered

Percent of People with Each Score

Your Score History

You have not taken this quiz